Statistics for NBA Career Playoff Scoring Leaders

Click here to take the quiz!

General Stats

  • This quiz has been taken 11,073 times
    (5,620 since last reset)
  • The average score is 15 of 20

Answer Stats

Points Rings Player % Correct
5,9876Michael Jordan
99%
6,9113LeBron James
99%
5,6405Kobe Bryant
94%
5,7626Kareem Abdul-Jabbar
89%
5,2504Shaquille O'Neal
89%
3,6426Scottie Pippen
86%
3,8973Larry Bird
81%
5,1725Tim Duncan
81%
3,7015Magic Johnson
81%
3,6072Wilt Chamberlain
79%
4,7610Karl Malone
77%
3,9543Dwyane Wade
76%
4,0432Kevin Durant
74%
4,4571Jerry West
73%
3,7552Hakeem Olajuwon
67%
3,6631Dirk Nowitzki
65%
4,0454Tony Parker
64%
3,7768John Havlicek
51%
3,1823Kevin McHale
45%
3,6230Elgin Baylor
38%

Score Distribution

Percentile by Number Answered

Percent of People with Each Score

Your Score History

You have not taken this quiz since the last reset